Kernel functions and elliptic differential equations in mathematical physics /

Guardado en:
Autor Principal: Bergman, Stefan, 1898-
Otros Autores: Schiffer, Menahem.
Formato: Libro
Idioma:English
Publicado: New York : Academic Press, 1953.
Series:Pure and applied mathematics ; v. 4
Etiquetas: Agregar Etiqueta
Sin Etiquetas, Sea el primero en etiquetar este registro!
LEADER 00596nam a22001695a 4500
001 MAT.inmabb001121
008 031120s1953####nyu###########000#0#eng#d
005 20130306150345.0
245 1 0 |a Kernel functions and elliptic differential equations in mathematical physics /  |c by Stefan Bergman and M. Schiffer. 
260 |a New York :  |b Academic Press,  |c 1953. 
300 |a xiii, 432 p. ;  |c 24 cm. 
440 0 |a Pure and applied mathematics ;  |v v. 4 
510 4 |a MR,  |c 14,876d 
100 1 |a Bergman, Stefan,  |d 1898- 
700 1 |a Schiffer, Menahem. 
084 |a 35Jxx  |2 msc2000 
859 |h 35  |i B499  |p A-1092  |b BIB. MATEMATICA